Unternehmensgrösse und Innovation <Die> schumpeterianische Diskussion und ihre Alternativen
Saved in:
| Main Author: | |
|---|---|
| Format: | Book |
| Language: | German |
| Published: |
Frankfurt am Main
Campus
1993
|
| Edition: | 1. Aufl. |
| Series: | Wirtschaftswissenschaft
Bd.28 |
| Subjects: | |
| Tags: |
No Tags, Be the first to tag this record!
|
MARC
| LEADER | 00000nam a2200000 4500 | ||
|---|---|---|---|
| 001 | c012070 | ||
| 005 | 20221206075716.7 | ||
| 020 | |a 3-593-34991-4 | ||
| 041 | 0 | |a ger | |
| 044 | |a DE | ||
| 245 | 1 | 0 | |a Unternehmensgrösse und Innovation |b <Die> schumpeterianische Diskussion und ihre Alternativen |c Armin J. Frisch |
| 250 | |a 1. Aufl. | ||
| 264 | 1 | |a Frankfurt am Main |b Campus |c 1993 | |
| 300 | |a 349 s. | ||
| 490 | 1 | |a Wirtschaftswissenschaft |v Bd.28 | |
| 830 | 0 | |a Wirtschaftswissenschaft |v Bd.28 | |
| 610 | 2 | 0 | |a pokrok technický |
| 610 | 2 | 0 | |a rozvoj hospodársky |
| 610 | 2 | 0 | |a podnik |
| 610 | 2 | 0 | |a inovácia |
| 610 | 2 | 0 | |a výskum |
| 610 | 2 | 0 | |a manažment |
| 610 | 2 | 0 | |a riziko |
| 610 | 2 | 0 | |a technológia |
| 610 | 2 | 0 | |a rozhodovanie |
| 610 | 2 | 0 | |a trh kapitálový |
| 610 | 2 | 0 | |a štúdie prípadové |
| 100 | 1 | |a Frisch, Armin J. | |